| 000 | 00475nam a2200157Ia 4500 | ||
|---|---|---|---|
| 999 |
_c19940 _d19940 |
||
| 003 | OSt | ||
| 005 | 20200623102339.0 | ||
| 008 | 190216s9999||||xx |||||||||||||| ||und|| | ||
| 040 | _coclc | ||
| 082 |
_a954.030922 _bCHO/I |
||
| 100 |
_aChopra, P N _9632 |
||
| 245 | 0 |
_aIndian Muslims In Freedom Struggle / _cP N Chopra |
|
| 260 |
_bCriterion Publications, _c1985. _aNew Delhi: |
||
| 300 | _a260p | ||
| 942 |
_cBK _2ddc _h954.030922 _iCHO/I _k954.030922 _mCHO/I |
||